Svět se připravuje na vládu informací Jedenáct klíčových projektů G7 pro informační dálnici
Február 1995 - G7 schválila 11 kľúčových projektov pre budúcu informačnú diaľnicu. 1. Projekt globálnej databanky. 2. Globálne prepojenie širokopásmových sietí. 3. Školstvo a vyučovanie v globálnej inf. spoločnosti. 4. Projekt elektronických knižníc. 5. Voľný prístup k svetovému kultúrnemu dedičstvu...
Enregistré dans:
| Auteur principal: | |
|---|---|
| Format: | Chapitre de livre |
| Langue: | tchèque |
| Sujets: | |
| Tags: |
Pas de tags, Soyez le premier à ajouter un tag!
|
MARC
| LEADER | 00000naa a2200000 4500 | ||
|---|---|---|---|
| 001 | r024903 | ||
| 005 | 20221208130824.0 | ||
| 041 | 0 | |a cze | |
| 044 | |a CZ | ||
| 245 | 1 | 0 | |a Svět se připravuje na vládu informací |b Jedenáct klíčových projektů G7 pro informační dálnici |c J. Žižka |
| 520 | |a Február 1995 - G7 schválila 11 kľúčových projektov pre budúcu informačnú diaľnicu. 1. Projekt globálnej databanky. 2. Globálne prepojenie širokopásmových sietí. 3. Školstvo a vyučovanie v globálnej inf. spoločnosti. 4. Projekt elektronických knižníc. 5. Voľný prístup k svetovému kultúrnemu dedičstvu, múzeá a galérie. 6. Životné prostredie a prírodné zdroje. 7. Globálny mechanizmus pre riešenie krízových situácií. 8. Zdravotníctvo. 9. "On-line" projekt pre vlády. 10. Malé a stredné podniky. 11. Námorná informačná spoločnosť. | ||
| 610 | 2 | 0 | |a G-7 |
| 610 | 2 | 0 | |a spoločnosť informačná |
| 610 | 2 | 0 | |a informácie |
| 610 | 2 | 0 | |a projekty |
| 100 | 1 | |a Žižka, J. | |